000 00455nam a2200145Ia 4500
008 210716s1965 xx 000 0 und d
041 _aeng
082 _a658.4092 HUGC
100 _aHughes, Charles L.
245 _aGoal setting: key to individual and organizational effectiveness.
_bKey to individual and organizational effectiveness.
250 _a1
260 _aUSA
_bAmerican Management Association
_c1965
300 _a159
650 _aLeadership
999 _c202487
_d202487